Music Quiz

Random Music or Bands Quiz

Modern Rock Hits (2010s) Quiz Stats

 Plays Quiz not verified by Sporcle

Support Sporcle.
Go Orange.
Score 0/67 Timer 11:00
0 Plays Today
#1 hits Artist/Group % Correct
Radioactive, Believer, Thunder, Whatever It Takes, NaturalImagine Dragons
80.1%
Somebody That I Used to KnowGotye
73.3%
RoyalsLorde
72.6%
We Are Young, Some NightsFun
71.5%
Pumped Up KicksFoster the People
67.3%
Pompeii, HappierBastille
66.5%
Stressed Out, Ride, Heathens, Jumpsuit, Chlorine, The HypeTwenty One Pilots
64.4%
Ho Hey, Ophelia, Cleopatra, GloriaThe Lumineers
60.5%
Bury a Friend, Bad GuyBillie Eilish
59.8%
Paradise, Adventure of a Lifetime, OrphansColdplay
59.1%
Ex's & Oh'sElle King
58.4%
Uprising, Resistance, Madness, Dead Inside, Thought ContagionMuse
56.6%
Do I Wanna Know?Arctic Monkeys
54.8%
Little Lion Man, I Will Wait, Believe, Guiding LightMumford & Sons
54.1%
Say Amen (Saturday Night), High HopesPanic! at the Disco
51.2%
RiptideVance Joy
50.2%
Shut Up and Dance, One FootWalk the Moon
49.1%
AfricaWeezer
48.8%
Tighten Up, Lonely Boy, Gold on the Ceiling, Fever, Lo/HiThe Black Keys
48.4%
Feel It Still, Live in the MomentPortugal. The Man
47.3%
Little TalksOf Monsters and Men
46.3%
Safe and SoundCapital Cities
44.1%
Back Against the Wall, In One Ear, Shake Me Down, Come a Little Closer, Cigarette Daydreams, Mess Around, Trouble, Ready to Let Go, Social CuesCage the Elephant
42%
The Catalyst, Waiting for the End, Burn It DownLinkin Park
39.9%
RenegadesX Ambassadors
39.5%
Rope, Walk, Something from NothingFoo Fighters
37.4%
Stolen DanceMilky Chance
37%
Sweater WeatherThe Neighbourhood
35.9%
Bang Bang, Still BreathingGreen Day
35.6%
The Adventures of Raindance Maggie, Dark NecessitiesRed Hot Chili Peppers
34.5%
Radioactive, Waste a MomentKings of Leon
33.5%
Tongue TiedGrouplove
33.5%
Kings and Queens, This Is WarThirty Seconds to Mars
33.1%
AnimalNeon Trees
32.4%
#1 hits Artist/Group % Correct
HappierMarshmello
32%
1901Phoenix
30.6%
Out of My League, The WalkerFitz and The Tantrums
30.6%
Sober UpAJR
29.2%
HumanRag'n'Bone Man
28.8%
Way Down We GoKaleo
26.7%
Doin' TimeLana Del Rey
26%
No RootsAlice Merton
25.6%
Come with Me NowKongos
24.9%
I Wanna Get BetterBleachers
24.9%
Too CloseAlex Clare
24.6%
FirstCold War Kids
23.5%
Mountain at My GatesFoals
23.1%
Bored to DeathBlink-182
23.1%
TrampolineShaed
22.4%
Lampshades on FireModest Mouse
22.1%
Hollow Moon (Bad Wolf)Awolnation
20.6%
Up All NightBeck
20.6%
Take It All BackJudah & the Lion
19.9%
3 NightsDominic Fike
19.9%
Wish I Knew YouThe Revivalists
18.1%
SpiritsThe Strumbellas
17.8%
All We Ever Knew, Missed ConnectionThe Head and the Heart
17.4%
BrokenLovelytheband
17.1%
DangerousBig Data
16.7%
You Are a TouristDeath Cab for Cutie
16.4%
Trip SwitchNothing But Thieves
16%
The Sound of WinterBush
14.9%
I Feel Like I'm DrowningTwo Feet
13.2%
CringeMatt Maeson
11.4%
Lay Me DownDirty Heads
11%
Between the LinesStone Temple Pilots
7.8%
Mountain ManCrash Kings
5%

You're not logged in!

Compare scores with friends on all Sporcle quizzes.
OR
Log In

From the Vault

MLB Top of the Order (2000s)

by Scizzy

These hitters were really on top of things.
Remove Ads.
Support Sporcle.
Get the best of Sporcle when you Go Orange. This ad-free experience offers more features, more stats, and more fun while also helping to support Sporcle. Thank you for becoming a member.

Show Comments

Extras

Top Quizzes Today


Score Distribution

Your Account Isn't Verified!

In order to create a playlist on Sporcle, you need to verify the email address you used during registration. Go to your Sporcle Settings to finish the process.

Report this User

Report this user for behavior that violates our Community Guidelines.

Details: